| 000 | 01115nam a2200325 i 4500 | ||
|---|---|---|---|
| 003 | EG-ScBUE | ||
| 005 | 20231108133522.0 | ||
| 008 | 170712s2015 ua f b f000 0bara d | ||
| 017 | _a2015 / 11102 | ||
| 020 | _a9789779203065 | ||
| 040 |
_aEG-ScBUE _bara _erda _cEG-ScBUE _dEG-ScBUE |
||
| 043 | _af-ua-- | ||
| 082 | 0 | 4 |
_222 _a928.1 _bق ن د |
| 100 | 1 |
_aقنديل، فؤاد، _d1944- _eمؤلف. |
|
| 245 | 1 | 0 |
_aمحمد مندور : _bشيخ النقاد / _cفؤاد قنديل. |
| 264 | 1 |
_aالقاهرة : _bالمجلس الأعلى للثقافة، _c2015. |
|
| 300 |
_a261 صفحة ؛ _c24 سم |
||
| 336 |
_2rdacontent _aنص _btxt |
||
| 337 |
_aبدون وسيط _2rdamedia _bn |
||
| 338 |
_aمجلد _bnc _2rdacarrier |
||
| 504 | _aيشتمل على إرجاعات ببليوجرافية. | ||
| 590 | _aدعاء | ||
| 600 | 1 | 7 |
_aمندور، محمد، _b1907-1965. _2BUEsh |
| 650 | 7 |
_aالأدباء المصريون _xتراجم. _2BUEsh |
|
| 650 | 7 |
_2BUEsh _aالأدباء العرب _zمصر. _98633 |
|
| 651 | _2BUEsh | ||
| 653 |
_bGGEN _cJuly2017 |
||
| 655 | _vReading book | ||
| 942 | _2ddc | ||
| 999 |
_c25035 _d25007 |
||